[Event "Floripa Chess Open 2024"]
[Site "Florianopolis"]
[Date "2024.01.28"]
[Round "10.179"]
[White "Caetano, Heitor Luiz"]
[Black "Motta, Agahta Dos Santos"]
[Result "1-0"]
[WhiteElo "1431"]
[BlackElo "1124"]
[PlyCount "21"]
[EventDate "2024.01.20"]
[EventRounds "10"]
[EventCountry "BRA"]

1. e4 c5 2. Nf3 g6 3. c3 Bg7 4. d4 cxd4 5. cxd4 d6 6. Be3 ({RR} 6. Bb5+ Bd7 7.
Bc4 Nf6 8. e5 dxe5 9. dxe5 Ng4 10. e6 Bxe6 11. Qxd8+ Kxd8 12. Bxe6 fxe6 13. O-O
h6 14. h3 Ne5 15. Nd4 Kd7 16. Rd1 Bf6 17. Bxh6 Rxh6 18. Nf5+ Ke8 19. Nxh6 Bg7
20. Nc3 Bxh6 {Tseitlin,M (2496)-Silva,F (2327) Albufeira Algarve 1999 1/2-1/2 
(31)}) 6... Nf6 ({RR} 6... Nc6 7. Bd3 Nf6 8. O-O O-O 9. Qd2 Ng4 10. Bf4 Nxd4
11. Nxd4 Bxd4 12. h3 Ne5 13. Bh6 Nxd3 14. Nc3 Bg7 15. Bxg7 Kxg7 16. Qxd3 Bd7
17. Rae1 Bc6 18. Qe2 e6 19. Rd1 Qe7 20. Rd3 Rfd8 21. Rfd1 {Hanekom,D (1121)
-Coetzee,P (1205) Gauteng 2017 0-1 (42)}) 7. Nc3 O-O 8. Bc4 b6 $146 ({RR} 8...
Nc6 9. O-O Nd7 10. Qd2 Nb6 11. Bb3 Na5 12. Bh6 Nbc4 13. Qc1 Nxb3 14. axb3 Na5
15. Bxg7 Kxg7 16. Qg5 Nc6 17. d5 Nb8 18. Nb5 Bd7 19. Nbd4 h6 20. Qe3 Na6 21.
Nc6 bxc6 22. Rxa6 cxd5 23. Rxa7 {Sagaseta,F-Sanchez,C Gran Canaria 1989 0-1 
(53)}) ({RR} 8... Bg4 9. h3 Bxf3 10. Qxf3 Nc6 11. O-O Rc8 12. Bb3 a6 13. Qe2
Na5 14. Rfd1 Nxb3 15. axb3 e6 16. Ra4 d5 17. e5 Nd7 18. Qd2 Qb6 19. Ra3 Rc6 20.
Bh6 Rfc8 21. Bxg7 Kxg7 22. h4 Qd8 23. Qg5 {Leenman,T-De Wit,T Hengelo 2000 0-1
(36)}) ({RR} 8... Nc6 9. O-O Na5 10. Bd3 d5 11. e5 Ne8 12. b3 f6 13. exf6 Nxf6
14. Qd2 Nc6 15. Ne2 Bg4 16. Ne5 Bxe2 17. Nxc6 bxc6 18. Qxe2 Qd6 19. Rac1 Ne8
20. Ba6 Rb8 21. g3 Rb6 22. Rfe1 Nc7 23. Bd3 {Saenger,A-Judek,M (1780) Germany
2010 1/2-1/2 (59)}) 9. e5 dxe5 10. dxe5 Ng4 11. Bd5 1-0

[Event "Floripa Chess Open 2024"]
[Site "Florianopolis"]
[Date "2024.01.28"]
[Round "10.180"]
[White "De Oliveira, Luiz Carlos"]
[Black "Leith Acosta, Marcelo Alejandro"]
[Result "1-0"]
[WhiteElo "1422"]
[BlackElo "1110"]
[PlyCount "52"]
[EventDate "2024.01.20"]
[EventRounds "10"]
[EventCountry "BRA"]

1. e4 c5 2. c3 Nf6 3. e5 Nd5 4. d4 cxd4 5. cxd4 Nc6 6. Nf3 d6 7. Be2 Nb6 $146 (
{RR} 7... Bg4 8. O-O e6 9. Nc3 dxe5 10. Nxd5 Qxd5 11. dxe5 Qxd1 12. Bxd1 Bc5
13. Bf4 O-O 14. Nh4 Bxd1 15. Rfxd1 Rad8 16. Nf3 Nb4 17. a4 Nd3 18. Bg3 Rd5 19.
Kf1 Rfd8 20. Rab1 Bb6 21. Rd2 Bc7 22. Re2 {Wisliceny,J-Weber,B Ruhla 1957 1/
2-1/2 (44)}) ({RR} 7... g6 8. Nc3 dxe5 9. dxe5 Nxc3 10. Qxd8+ Nxd8 11. bxc3 Bd7
12. O-O Bg7 13. Ba3 Rc8 14. c4 Ne6 15. Rfe1 Bc6 16. Rad1 Nf4 17. Bf1 Bxf3 18.
gxf3 Ne6 19. Rd5 Rc7 20. Bc1 Nd8 21. f4 O-O 22. Be3 {Gurkin,A (2176)-Kotsur,P 
(2565) Pavlodar 2010 1/2-1/2 (53)}) ({RR} 7... e6 8. a3 dxe5 9. dxe5 Qc7 10.
Qc2 Nxe5 11. Qxc7 Nxf3+ 12. Bxf3 Nxc7 13. Nc3 Bd6 14. Be3 Be5 15. O-O-O Bxc3
16. bxc3 Nd5 17. Bxd5 exd5 18. Rxd5 Be6 19. Rd6 Ke7 20. Rhd1 Rhc8 21. Kb2 Rc4
22. R6d4 {Herman,M (1676)-Pajak,J (1697) Warsaw 2014 1/2-1/2}) ({RR} 7... dxe5
8. Nxe5 e6 9. O-O Be7 10. Nxc6 bxc6 11. Nd2 O-O 12. Nc4 Ba6 13. Ne5 Qc8 14. Bd2
Bxe2 15. Qxe2 Qb7 16. b3 c5 17. dxc5 Bxc5 18. Rac1 Rfc8 19. Rc4 Nb6 20. Rh4 Nd7
21. Nxf7 Kxf7 22. Qh5+ {Mukhitdinov,M-Smyslov,V Moscow (Russia) 1959 1/2-1/2 
(35)}) ({RR} 7... g6 8. Nc3 Nxc3 9. bxc3 Bg7 10. exd6 Qxd6 11. O-O O-O 12. a4
Rd8 13. Be3 e5 14. Nxe5 Nxe5 15. dxe5 Qe7 16. Bc5 Rxd1 17. Bxe7 Rxa1 18. Rxa1
Bxe5 19. Rd1 Be6 20. Bf3 Rc8 21. Bxb7 Rc7 22. Rd8+ {Dzhanoev,D-Koblencs,A
Palanga 1961 0-1}) 8. h3 d5 9. O-O Bf5 10. Nc3 e6 11. a3 Be7 12. Nh2 O-O 13. f4
h6 14. Bg4 Bxg4 15. hxg4 f5 16. Ne2 Nc4 17. b4 a6 18. Qd3 b5 19. Qh3 Qb6 20.
Nf3 Ra7 21. Rd1 a5 22. g5 Bd8 23. Qh5 axb4 24. gxh6 gxh6 25. Qg6+ Kh8 26. Qxe6
Nxd4 1-0

[Event "Floripa Chess Open 2024"]
[Site "Florianopolis"]
[Date "2024.01.28"]
[Round "10.181"]
[White "Jurado, Laura Alves"]
[Black "Marques, Melissa Da Costa"]
[Result "1-0"]
[WhiteElo "1419"]
[BlackElo "1111"]
[PlyCount "41"]
[EventDate "2024.01.20"]
[EventRounds "10"]
[EventCountry "BRA"]

1. d4 d5 2. Bf4 Nf6 3. Nf3 c5 4. e3 Nc6 5. Nc3 e6 6. Nb5 e5 ({RR} 6... Qa5+ 7.
c3 Kd7 8. Bc7 b6 9. dxc5 Bxc5 10. Nd2 a6 11. Nb3 axb5 12. Nxa5 bxa5 13. Bg3 Ba6
14. a4 b4 15. Bxa6 Rxa6 16. c4 Ne7 17. cxd5 Nexd5 18. Qd3 {1-0 (18)
Mikhalevski,V (2581)-Stearman,J (2285) New York USA 2018}) 7. Nxe5 Qa5+ 8. c3
c4 $146 ({RR} 8... g5 9. Nxc6 bxc6 10. Bc7 {1-0 (10) Raj,B (2077)-Strauss,P
Dresden 2013}) 9. a4 Ke7 10. Nxc4 dxc4 11. Bxc4 Qd8 12. d5 Na5 13. Bc7 Qd7 14.
d6+ Ke8 15. Bxa5 Rb8 16. Nc7+ Kd8 17. Bb5 Qxd6 18. Ne8+ b6 19. Nxd6 Bxd6 20.
Qxd6+ Bd7 21. Qxb8+ 1-0

[Event "Floripa Chess Open 2024"]
[Site "Florianopolis"]
[Date "2024.01.28"]
[Round "10.182"]
[White "Bandeira, Ricardo"]
[Black "Goncalves, Eduardo Moutinho"]
[Result "0-1"]
[WhiteElo "1161"]
[BlackElo "1414"]
[PlyCount "112"]
[EventDate "2024.01.20"]
[EventRounds "10"]
[EventCountry "BRA"]

1. c4 Nf6 2. Nc3 d5 3. cxd5 Nxd5 4. Nf3 g6 5. e4 Nxc3 6. bxc3 Bg7 7. Bc4 Nc6 ({
RR} 7... c5 8. e5 O-O 9. Qe2 Nc6 10. e6 Bxe6 11. Bxe6 fxe6 12. Qxe6+ Kh8 13.
O-O Rxf3 14. gxf3 Ne5 15. f4 Nf3+ 16. Kg2 Nh4+ 17. Kg1 Nf3+ 18. Kg2 Nh4+ 19.
Kg1 Qd3 20. Qg4 Nf3+ {0-1 (20) Ivanov,I (2510)-Benjamin,J (2570) Durango 1992})
({RR} 7... c5 8. h4 Nc6 9. h5 O-O 10. Ba3 Bg4 11. hxg6 hxg6 12. Qc2 Bxf3 13.
gxf3 Ne5 14. Be2 c4 15. f4 Nd3+ 16. Bxd3 cxd3 17. Qb3 Qc7 18. e5 Rfc8 19. Rh3
g5 20. O-O-O Qd7 21. Rg3 Rc6 22. Rxg5 {Golecki,J (2102)-Bartodziej,B (1844)
Polanica Zdroj POL 2021 1-0}) 8. d4 $146 ({RR} 8. O-O O-O 9. d4 b6 10. Bd5 Bb7
11. Ba3 Na5 12. Bxb7 Nxb7 13. Qe2 c5 14. Rac1 Qd7 15. Qa6 Rfd8 16. h3 e6 17.
Rb1 Qc6 18. Rfe1 Nd6 19. e5 Nb7 20. Bc1 Na5 21. Rb5 Qc8 22. Qxc8 Raxc8 {
Poliakov,D (2290)-Glinert,S (2351) Goa 2002 0-1 (89)}) 8... e5 9. Be3 exd4 10.
cxd4 O-O 11. Rb1 Bg4 12. Rxb7 Bxf3 13. Qxf3 Bxd4 14. Bd5 Ne5 15. Qe2 Bb6 16.
Bf4 Nd7 17. Bh6 Re8 18. Qb2 Qf6 19. Qxf6 Nxf6 20. Bc6 Nxe4 21. Bxe8 Rxe8 22.
O-O Nc5 23. Rxb6 axb6 24. Rd1 f5 25. Bf4 Re7 26. Kf1 Ne6 27. Bc1 c5 28. Rd6 b5
29. Rc6 Kf7 30. Be3 Rc7 31. Rxc7+ Nxc7 32. Bxc5 Ke6 33. a3 Kd5 34. Bf8 Ne6 35.
Be7 Nd4 36. Ke1 Kc4 37. Kd2 f4 38. f3 h5 39. h4 Nf5 40. Bg5 Kb3 41. Bxf4 Nxh4
42. Bd6 Nxg2 43. Ke2 Nh4 44. Kf2 Nf5 45. Bf8 Nd4 46. Kg3 g5 47. f4 Ne2+ 48. Kf3
Nxf4 49. Bh6 Ne6 50. Ke4 Kxa3 51. Kf5 b4 52. Kxe6 b3 53. Bg7 b2 54. Bxb2+ Kxb2
55. Kf5 h4 56. Kg4 Kc3 0-1

[Event "Floripa Chess Open 2024"]
[Site "Florianopolis"]
[Date "2024.01.28"]
[Round "10.183"]
[White "Arosteguy, Vitor Augusto Colac"]
[Black "Bida, Jose Mateus"]
[Result "0-1"]
[WhiteElo "1385"]
[BlackElo "1800"]
[PlyCount "54"]
[EventDate "2024.01.20"]
[EventRounds "10"]
[EventCountry "BRA"]

1. e4 e6 2. d4 d5 3. Nc3 Nf6 4. Bg5 Be7 5. exd5 exd5 6. Nf3 c6 7. Bd3 Bg4 8. h3
Bh5 9. O-O Nbd7 10. Re1 O-O 11. Re3 $146 ({RR} 11. Be2 Re8 12. Ne5 Bxe2 13.
Rxe2 Nxe5 14. Rxe5 Nd7 15. Rxe7 Rxe7 16. Bxe7 Qxe7 17. a3 Re8 18. Qd2 Qf6 19.
Ne2 Nb6 20. b3 c5 21. Rd1 c4 22. b4 Na4 23. Nc3 Nxc3 24. Qxc3 Re2 25. Qg3 Qd8 {
Hautamaeki,P-Paavola,M Oulu 2006 1/2-1/2 (54)}) ({RR} 11. Bf5 Bg6 12. Bxd7 Qxd7
13. Ne5 Qc7 14. Qe2 Rfe8 15. Nxg6 Bb4 16. Ne5 Ne4 17. Bd2 f6 18. Nxe4 Rxe5 19.
dxe5 Bxd2 20. Nxd2 {1-0 (20) Goutioudi,I-Andritsopoulos,P Patras 2001}) ({RR} 
11. Bf5 Re8 12. g4 Bg6 13. Nh4 Ne4 14. Nxe4 dxe4 15. Bxe7 Rxe7 16. Nxg6 hxg6
17. Bxe4 Nf6 18. Qd3 Qd6 19. c3 Rae8 20. f3 Qg3+ 21. Kf1 Qxh3+ 22. Kg1 Rxe4 23.
Rxe4 Nxe4 24. Qf1 Qg3+ 25. Qg2 Qxg2+ {Romero Isado,J (1693)-Carbo Marti,J Olot
2011 0-1 (39)}) 11... Bd6 12. Ne2 Qc7 13. Bh4 Rfe8 14. Rxe8+ Rxe8 15. Ng3 Bxf3
16. Qxf3 Bxg3 17. Qxg3 Qb6 18. c3 Qxb2 19. Rb1 Qxa2 20. Rxb7 Re1+ 21. Kh2 Qa1
22. Qg5 Rh1+ 23. Kg3 Qd1 24. Qf5 Nh5+ 25. Qxh5 Qxh5 26. Rxd7 f6 27. Re7 g5 0-1

[Event "Floripa Chess Open 2024"]
[Site "Florianopolis"]
[Date "2024.01.28"]
[Round "10.184"]
[White "Mantovani, Helio Cardoso"]
[Black "Ferrari, Theo Schoroeder San"]
[Result "1-0"]
[WhiteElo "1382"]
[BlackElo "1800"]
[PlyCount "104"]
[EventDate "2024.01.20"]
[EventRounds "10"]
[EventCountry "BRA"]

1. d4 {Ftacnik,L} Nf6 2. Nf3 g6 3. Nc3 Bg7 4. g3 O-O 5. Bg2 d6 6. O-O Nbd7 7.
e4 e5 8. dxe5 ({RR} 8. a4 a5 9. dxe5 ({RR} 9. h3 Re8 ({RR} 9... c6 10. Be3 Re8
11. Re1 ({RR} 11. dxe5 dxe5 12. Qe2 b6 13. Rfd1 Ba6 14. Qe1 Bf8) 11... exd4 12.
Bxd4 ({RR} 12. Nxd4 Nc5 13. f3 Nfd7 14. Bf2 Qb6 15. b3) 12... Qc7 13. Nd2 b6) (
{RR} 9... b6 10. dxe5 ({RR} 10. Re1 Bb7 11. d5) 10... dxe5 11. b3 Bb7 12. Nd2
Re8 13. Nc4 Nc5) 10. Re1 exd4 11. Nxd4 Nc5 12. Bf4 Nh5 13. Be3 Nf6 14. Bf4 Nh5
15. Be3 Nf6 16. f3) 9... dxe5 10. b3 Re8 11. Ba3 Bf8 12. Bxf8 Kxf8) ({RR} 8. h3
Re8 9. Re1 ({RR} 9. Bg5 exd4 10. Nxd4 h6 11. Bf4 Ne5 12. b3 a6 13. Qd2 Kh7 14.
Rad1 b5 15. Nd5 Bb7 16. Rfe1 c5 17. Nxf6+ Qxf6 18. Ne2 g5) 9... c6 10. a4 Qc7
11. Be3 b6 12. d5 Bb7 13. Nd2 cxd5 14. exd5 a6 15. g4 Rac8 16. Nf1 h5 17. g5
Nh7 18. Ng3 Nc5 19. Nge4 Rb8) ({RR} 8. Re1 h6 9. h3 c6 10. a4 Re8 ({RR} 10...
Nh7) 11. Be3 exd4 12. Nxd4 Ne5 13. Qe2 d5 14. exd5 cxd5 15. b3 Nc6 16. Qd2 Kh7)
8... dxe5 9. b3 ({RR} 9. a4 c6 10. b3 Re8 11. Ba3 Bf8 12. Bxf8 Kxf8 13. Nd2 Qe7
14. Nc4 Nb6 15. Nxb6 axb6 16. Qd2 Kg7 17. Rad1 Bg4 18. f3 Qc5+ 19. Qf2 Be6)
9... b6 ({RR} 9... Re8 10. Ba3 b6 11. Qe2 a5 12. Rfd1 Ba6 13. Qe1 Qb8 14. Nd5
a4 15. Ne7+ Kh8 16. Ng5 Rf8 17. Nc6 Qe8 18. Bxf8 Bxf8 19. Nb4 Bb7 20. Nd5 Bd6
21. Qc3 Nxd5 22. exd5 Nc5 23. b4 Nd7 24. a3 {Srihari,L (2409)-Jumabayev,R 
(2658) chess.com INT 2021 0-1 (42)}) 10. Qe2 $146 ({RR} 10. a4 Bb7 11. Nd2 Re8
12. Ba3 Bf8 13. Bxf8 Nxf8 14. Nc4 Ne6 15. Re1 ({RR} 15. Nxe5 Qd4) 15... Qd4 ({
RR} 15... Nd4 16. Nb5 a6 17. Nxd4 Qxd4 18. Qxd4 exd4 19. e5 Bxg2) 16. Nd5 Kg7
17. Qf3 ({RR} 17. Nxf6 Kxf6 18. Qf3+ Kg7 19. Rad1 Qc5 20. Rd7 Re7 21. Rxe7 ({RR
} 21. Nxe5 Ng5) 21... Qxe7 22. Nxe5 Nd4 23. Qf4 g5) ({RR} 17. Qxd4 Nxd4 18.
Nxc7 Nxc2 19. Nxe8+ Rxe8 20. Nd6 Re7 21. Rac1 Nxe1 22. Rxe1 Rd7 23. Nxb7 Rxb7
24. Rc1 a5) 17... Bxd5 18. exd5 e4 19. Qd1 Nxd5 20. Bxe4 Rad8 21. Bxd5 Qxd5 ({
RR} 21... Rxd5 22. Qxd4+ Rxd4 23. a5 b5 24. Ne5) 22. Qxd5 Rxd5 23. Rad1 Red8
24. Rxd5 Rxd5 {Smyslov,V (2560)-Sax,G (2590) Tilburg 1979 MCL [Ftacnik,L] 0-1 
(54)} {RR} 25. Kf1) ({RR} 10. Ba3 Re8 11. Qe2 Bf8 12. Bxf8 Nxf8 13. Rad1 Qe7
14. Nd5 Nxd5 15. exd5 e4) ({RR} 10. a4 Bb7 11. Qe2 Nc5 12. Rd1 Qc8 13. Nd2 Ne6
14. Nd5 Nxd5 15. exd5 Nd4 16. Qd3 c6 17. dxc6 Bxc6 18. c3 Bxg2 19. Kxg2 Qc6+
20. Kg1 Ne6 21. Qc4 Qb7 22. Qe4 Qc8 23. Nc4 Nc5 24. Qc2 e4 {Demidov,M (2520)
-Mamedov,R (2703) Skopje MKD 2018 1-0 (36)}) ({RR} 10. Ba3 Re8 11. Qe2 {
1/2-1/2 (11) Ciric,D (2430)-Tringov,G (2455) Zemun 1980}) ({RR} 10. a4 Bb7 11.
Ba3 Re8 12. Re1 Bf8 13. Bxf8 Rxf8 14. a5 Qe7 15. a6 Bc8 16. Nd5 Qd6 17. Nxf6+
Qxf6 18. b4 Re8 19. Re3 Nf8 20. Qd5 c6 21. Qd2 Bg4 22. Ne1 Rad8 23. Rd3 Rxd3
24. Nxd3 Qd6 {Huelsmann,J-Heppner,E Germany 1975 0-1 (58)}) 10... Bb7 11. Bb2
a5 12. Rfe1 Ba6 13. Qd2 Re8 14. Rad1 Re7 15. Nxe5 Rxe5 16. f4 Bh6 17. Qd4 c5
18. Qxe5 Nxe5 19. Rxd8+ Rxd8 20. fxe5 Ng4 21. Nd5 Bg7 22. Nf6+ Nxf6 23. exf6
Bh6 24. Bf1 Bxf1 25. Kxf1 Rd2 26. Re2 Rd1+ 27. Kf2 Kf8 28. e5 Ke8 29. e6 Rd2
30. Rxd2 Bxd2 31. e7 Bg5 32. h4 Bd2 33. a4 Kd7 34. Kf3 Ke8 35. g4 h5 36. gxh5
gxh5 37. Be5 Be1 38. Bg3 Bc3 39. Bc7 Bxf6 40. Bxb6 Bxh4 41. Bxc5 Bxe7 42. Bd4
Kd7 43. Bc3 Bb4 44. Bxb4 axb4 45. Kf4 Kc6 46. Kg5 Kc5 47. Kxh5 Kd4 48. Kg5 Kc3
49. a5 Kxc2 50. a6 Kxb3 51. a7 Kc2 52. a8=Q b3 1-0

[Event "Floripa Chess Open 2024"]
[Site "Florianopolis"]
[Date "2024.01.28"]
[Round "10.185"]
[White "Telles, Arnoldo Beber"]
[Black "Garcia Cruz, Luis Manuel"]
[Result "1/2-1/2"]
[WhiteElo "1116"]
[BlackElo "1381"]
[PlyCount "55"]
[EventDate "2024.01.20"]
[EventRounds "10"]
[EventCountry "BRA"]

1. Nf3 Nf6 2. c4 c5 3. g3 e6 4. Bg2 d5 5. O-O Bd6 ({RR} 5... dxc4 6. Qa4+ Bd7
7. Qxc4 Bc6 8. Nc3 Nbd7 9. e4 Rc8 10. Qe2 Be7 11. d4 O-O 12. Rd1 cxd4 13. Nxd4
e5 14. Nf5 g6 15. Nxe7+ Qxe7 16. Bg5 Nc5 17. Qf3 Kg7 18. Qe3 Rfd8 19. Bxf6+
Kxf6 20. Bh3 {Oparin,G (2660)-Ferreira,J (2524) Evora POR 2019 1-0 (59)}) ({RR
} 5... dxc4 6. Qa4+ Bd7 7. Qxc4 Bc6 8. Nc3 Nbd7 9. e4 Be7 10. Qe2 O-O 11. d4 b5
12. Rd1 b4 13. d5 Bb7 14. d6 bxc3 15. dxe7 Qxe7 16. e5 Nd5 17. Bg5 Qe8 18. Qc2
cxb2 19. Qxb2 Rb8 20. Qc2 {Laurent-Paoli,P (2362)-Favarel,J (2366) Condom FRA
2019 1/2-1/2 (70)}) 6. cxd5 exd5 7. d3 $146 ({RR} 7. d4 Nc6 8. Nc3 Be6 9. Nb5
O-O 10. Bg5 Be7 11. dxc5 Bxc5 12. Rc1 Qb6 {1/2-1/2 (12) Zimmermann,O-Schneider,
L Amsterdam 1954}) ({RR} 7. d4 c4 8. Nc3 Be6 9. Ng5 O-O 10. Nxe6 fxe6 11. e4
Bc7 12. exd5 exd5 13. Bg5 Qd7 14. Bxf6 gxf6 15. Bxd5+ Kh8 16. Bxb7 Nc6 17. Bxa8
Rxa8 18. Qf3 Rf8 19. Qd5 Qxd5 20. Nxd5 Bd6 21. Ne3 Nxd4 {Teppo,R-Niemela,M
Finland 2000 1-0 (49)}) ({RR} 7. b3 O-O 8. d4 Be6 9. dxc5 Bxc5 10. Ba3 Nbd7 11.
Bxc5 Nxc5 12. Na3 Qd7 13. Nc2 Bh3 14. Ncd4 Nfe4 15. Ne5 Qc8 16. Rc1 Re8 17. Nd3
Bxg2 18. Kxg2 b6 19. b4 Qa6 20. bxc5 bxc5 21. Nxc5 Nxc5 {Nabel,J-Rehders,S
Hamburg 1999 1-0}) 7... Be6 8. e4 Nc6 9. Re1 dxe4 10. dxe4 Qc7 11. Nc3 a6 12.
Nd5 Bxd5 13. exd5+ Ne7 14. Bg5 O-O-O 15. Bxf6 gxf6 16. Nd2 f5 17. Rc1 b5 18. a4
Qb6 19. Qb3 Kc7 20. Qc2 Rde8 21. axb5 axb5 22. Nb3 Rb8 23. Nxc5 Bxc5 24. Qxc5+
Qxc5 25. Rxc5+ Kd6 26. Rxe7 Rbf8 27. Rxf7 Rxf7 28. Rxb5 1/2-1/2

[Event "Floripa Chess Open 2024"]
[Site "Florianopolis"]
[Date "2024.01.28"]
[Round "10.187"]
[White "Simoncini, Luana Felipe"]
[Black "Biondo, Luiz Antonio Bortol"]
[Result "1-0"]
[WhiteElo "1772"]
[BlackElo "1340"]
[PlyCount "69"]
[EventDate "2024.01.20"]
[EventRounds "10"]
[EventCountry "BRA"]

1. d4 Nf6 2. c4 e6 3. Bg5 Be7 4. Nc3 c5 ({RR} 4... d6 5. Nf3 c6 6. Qc2 Nbd7 7.
Rd1 Qc7 8. e3 O-O 9. Bd3 Re8 10. O-O Nf8 11. h3 Bd7 12. Rd2 Rac8 13. Rfd1 b5
14. c5 Nd5 15. Bxe7 Rxe7 16. Ne4 dxc5 17. dxc5 Be8 18. Nd6 Rb8 19. e4 {Martin,
A (2425)-Barton,R (2170) Hove 1997 1-0 (46)}) 5. e3 Qb6 $146 ({RR} 5... Qa5 6.
Qa4 Qxa4 7. Nxa4 cxd4 8. exd4 Bb4+ 9. Nc3 Ne4 10. Bd2 Nxd2 11. Kxd2 Nc6 12. Nf3
a6 13. a3 Bd6 14. g3 b6 15. Bg2 Rb8 16. b4 Be7 17. d5 Nd8 18. Rab1 O-O 19. Ne5
f6 20. Nd3 {Hanssen,J (1570)-Mirza,R (1998) Drammen NOR 2019 0-1 (42)}) 6. Qc2
h6 7. dxc5 Qxc5 8. Bh4 O-O 9. Be2 d5 10. cxd5 Nxd5 11. Bxe7 Nxe7 12. Nf3 b6 13.
O-O Bb7 14. Rac1 Qf5 15. Qb3 Nbc6 16. Rfd1 Rfd8 17. Nb5 Qf6 18. Nd6 Bc8 19.
Nxc8 Raxc8 20. Ba6 Rxd1+ 21. Rxd1 Na5 22. Qb4 Nec6 23. Qb5 Rc7 24. b4 Nb8 25.
Qe8+ Kh7 26. Qxb8 Qc3 27. bxa5 Rc6 28. h3 Qxa5 29. Bd3+ f5 30. Qe5 Qa3 31. Nd4
Rc3 32. Nxf5 exf5 33. Bxf5+ g6 34. Rd7+ Kg8 35. Qg7# 1-0

[Event "Floripa Chess Open 2024"]
[Site "Florianopolis"]
[Date "2024.01.28"]
[Round "10.188"]
[White "Monteiro, Melissa"]
[Black "Van Riemsdijk, Ian C Emiliano"]
[Result "1/2-1/2"]
[WhiteElo "1340"]
[BlackElo "1800"]
[PlyCount "57"]
[EventDate "2024.01.20"]
[EventRounds "10"]
[EventCountry "BRA"]

1. e4 e5 2. Nf3 Nf6 3. Nxe5 d6 4. Nf3 Nxe4 5. d4 Bg4 6. Bd3 d5 7. h3 Bxf3 ({RR
} 7... Bh5 8. Qe2 Qe7 9. g4 Bg6 10. Ne5 Nd7 11. Nxg6 hxg6 12. Be3 O-O-O 13. Nd2
Nb6 14. Bxe4 dxe4 15. c4 f5 16. O-O-O Qf7 17. d5 c5 18. Bf4 Qd7 19. f3 exf3 20.
Qxf3 Qa4 21. Qb3 Qxb3 22. axb3 {Wahls,M (2555)-Schebler,G (2420) Germany 1996
1-0 (50)}) ({RR} 7... Bh5 8. g4 Bg6 9. Be3 c5 10. Nbd2 Nxd2 11. Qxd2 c4 12. Be2
Qb6 13. c3 Be4 14. O-O h5 15. g5 Bd6 16. Bf4 Nd7 17. Ne5 Qc7 18. f3 Bf5 19.
Rfe1 f6 20. Bxc4 fxe5 21. Bxd5 O-O-O 22. dxe5 {Kallenbach,O (1838)-Burchard,I
Helsingor DEN 2018 0-1 (41)}) 8. Qxf3 Qe7 9. O-O Nc6 $146 ({RR} 9... c5 10. Re1
Qd6 11. Bf4 Qd7 12. Nc3 c4 13. Bxe4 dxe4 14. Nxe4 Qxd4 15. Nd6+ Kd8 16. Nxf7+
Kc8 17. Qg4+ Nd7 18. Re8# {1-0 (18) Dorn,M-Hulm,S Verden 1999}) 10. c3 Ng5 11.
Qxd5 Ne6 12. Re1 Rd8 13. Qb5 Rd6 14. d5 a6 15. Qxb7 Na5 16. Qa8+ Qd8 17. Qxd8+
Kxd8 18. dxe6 Rxd3 19. exf7 Be7 20. b4 Nc4 21. Be3 Rf8 22. Bd4 Rxf7 23. a4 Kd7
24. Na3 Nxa3 25. Rxa3 Rxd4 26. cxd4 Bxb4 27. Rae3 Bxe1 28. Rxe1 Rf4 29. Rd1
1/2-1/2

[Event "Floripa Chess Open 2024"]
[Site "Florianopolis"]
[Date "2024.01.28"]
[Round "10.189"]
[White "Friedrich, Augusto Johannpeter"]
[Black "Ferreira De Souza, Ricardo"]
[Result "0-1"]
[WhiteElo "1800"]
[BlackElo "1329"]
[PlyCount "68"]
[EventDate "2024.01.20"]
[EventRounds "10"]
[EventCountry "BRA"]

1. e4 c5 2. Nf3 d6 3. d4 cxd4 4. Nxd4 Nc6 5. Nc3 a6 6. Be2 e5 ({RR} 6... g6 7.
Nxc6 bxc6 8. Qd4 Nf6 9. e5 dxe5 10. Qxe5 Bg7 11. O-O O-O 12. Qg3 Bf5 13. Bf4
Bxc2 14. Rac1 Ne4 15. Qf3 Nxc3 16. Rxc2 Nxe2+ 17. Qxe2 e5 18. Be3 Qd7 19. Rfc1
Rfc8 20. Qf3 f5 21. Rxc6 {Fercec,N (2405)-Tomic,T Pula 1996 1/2-1/2 (56)}) ({RR
} 6... g6 7. Nxc6 bxc6 8. Qd4 Nf6 9. Bg5 Bg7 10. O-O-O O-O 11. e5 Nd7 12. f4
dxe5 13. fxe5 Bxe5 14. Qe3 Bf6 15. h4 Qa5 16. Bxf6 exf6 17. h5 Qg5 18. Qxg5
fxg5 19. Ne4 Re8 20. Bg4 f5 21. Rxd7 {Mwape,M (1798)-Dobraj,B (1879) Chess.com
2021 0-1 (31)}) 7. Nxc6 $146 ({RR} 7. Nf3 Nf6 8. O-O Be7 9. Re1 O-O 10. Bc4 b5
11. Bb3 Be6 12. Bxe6 fxe6 13. a3 Qd7 14. b4 Rac8 15. Bb2 Rc7 16. Rc1 Na7 17.
Re2 Nc8 18. Rd2 Qe8 19. Ng5 Bd8 20. Rd3 h6 21. Nf3 Be7 {Janetzko,F-Schlieder,I
Zwickau 1955 1-0 (41)}) ({RR} 7. Nf3 Nf6 8. Bg5 Be7 9. Qd2 O-O 10. Rd1 Bg4 11.
Bxf6 gxf6 12. Nd5 Bxf3 13. Bxf3 Nd4 14. Bg4 f5 15. exf5 Bg5 16. Ne3 Qf6 17. Qd3
Rad8 18. Nd5 Qh6 19. O-O Kh8 20. f4 Bf6 21. c3 Nc6 {Fernandez Ponce,L (2053)
-Ronderos Gonzalez,J Gijon 2003 1-0 (46)}) ({RR} 7. Nb3 Nf6 8. O-O Be7 9. Kh1
Be6 10. f4 exf4 11. Bxf4 Ne5 12. Nd4 Bg4 13. Bxg4 Nfxg4 14. Nf5 O-O 15. Nxe7+
Qxe7 16. h3 Qh4 17. Qxd6 Nf2+ 18. Rxf2 Qxf2 19. Qxe5 Qxc2 20. Bh6 f6 21. Qe6+
Rf7 {Jukic,D (1728)-Neymanis,E (1468) Box Hill 2001 1-0 (57)}) 7... bxc6 8. O-O
Nf6 9. f4 Qb6+ 10. Kh1 Bb7 11. fxe5 dxe5 12. Bg5 Rd8 13. Bd3 Be7 14. Bxf6 Bxf6
15. Rb1 c5 16. Qe2 h5 17. Qe3 h4 18. b4 h3 19. g3 Rd4 20. bxc5 Qc6 21. Rf2 Be7
22. Qf3 f6 23. Qg4 g5 24. Qf5 Rh6 25. Nd5 Rxd5 26. exd5 Qxd5+ 27. Rf3 Bxc5 28.
Rbf1 e4 29. Qxd5 Bxd5 30. c4 Bb7 31. Re1 e3 32. Ref1 g4 33. Bf5 Bxf3+ 34. Rxf3
gxf3 0-1

[Event "Floripa Chess Open 2024"]
[Site "Florianopolis"]
[Date "2024.01.28"]
[Round "10.190"]
[White "Drun, Wesley Castilhos"]
[Black "De Souza, Samuel De Deus"]
[Result "1/2-1/2"]
[WhiteElo "1800"]
[BlackElo "1300"]
[PlyCount "63"]
[EventDate "2024.01.20"]
[EventRounds "10"]
[EventCountry "BRA"]

1. Nf3 Nf6 2. c4 g6 3. g3 Bg7 4. Bg2 O-O 5. O-O d6 6. d4 Nbd7 7. Nc3 e5 8. e3
exd4 ({RR} 8... a5 9. b3 Re8 10. Bb2 Ra6 11. Na4 e4 12. Nd2 Nf8 13. d5 Bf5 14.
f3 exf3 15. Qxf3 N8d7 16. e4 Nxe4 17. Nxe4 Bxb2 18. Nxb2 Rxe4 19. Qf2 Re7 20.
g4 Bxg4 21. Qh4 Ne5 22. h3 Bh5 23. Rac1 {Yaacov,A (2070)-Kraus,O (2302) Safed
ISR 2021 0-1}) 9. exd4 c5 ({RR} 9... d5 10. c5 c6 11. Bf4 Re8 12. Re1 Nf8 13.
Rxe8 Nxe8 14. Qd2 Ne6 15. Be3 b6 16. b4 bxc5 17. bxc5 Rb8 18. Rb1 Ba6 19. Qc2
N8c7 20. h4 Rxb1+ 21. Nxb1 Qb8 22. Nbd2 Be2 23. Nb3 Qb5 24. Qd2 {Benidze,D 
(2504)-Popovic,D (2565) Zuerich 2010 1-0 (61)}) 10. b3 $146 ({RR} 10. d5 Nb6
11. Qb3 Bf5 12. Rd1 Qd7 13. Bf4 Rfe8 14. Nb5 Ne4 15. Nh4 Nc8 16. Nxf5 Qxf5 17.
Nc7 g5 18. Nxe8 Bd4 19. Rxd4 cxd4 20. Bxe4 Qh3 21. Bxg5 Nb6 22. Nf6+ Kg7 23.
Qf3 Nxc4 24. Bf5 {1-0 (24) Ponce Cano,A (1625)-Oliver Amengual,A (1896) Palma
de Mallorca 2009}) 10... Rb8 11. Bb2 a6 12. a4 Nh5 13. Nd5 Nb6 14. Ne3 f5 15.
Re1 f4 16. Nf1 Bg4 17. Qd3 Bxf3 18. Bxf3 Qf6 19. Kg2 fxg3 20. hxg3 Qg5 21. Bxh5
Qxh5 22. Re6 Rf5 23. Rae1 Rbf8 24. f4 Nc8 25. Bc3 g5 26. Ne3 R5f7 27. Rh1 Qxh1+
28. Kxh1 gxf4 29. gxf4 Rxf4 30. d5 Bxc3 31. Qxc3 R4f7 32. Re4 1/2-1/2